| 000 | 00433nam a22001577a 4500 | ||
|---|---|---|---|
| 003 | OSt | ||
| 005 | 20170105102930.0 | ||
| 008 | 140214b xxu||||| |||| 00| 0 eng d | ||
| 040 | _a1 | ||
| 082 |
_a303.66082 _bLIN 2001 |
||
| 100 | _aLindsey, Charlotte | ||
| 245 |
_aWomen facing war _bICRC study on the impact of armed conflicT on women _cCharlotte Lindsey |
||
| 260 |
_aGeneva _bICRC _c2001 |
||
| 300 |
_a274 p; _b23cm |
||
| 942 |
_2ddc _cBK |
||
| 999 |
_c16033 _d16033 |
||